| 000 | 00665nam a2200169Ia 4500 | ||
|---|---|---|---|
| 003 | GCL | ||
| 008 | 140319s9999 xx 000 0 ara d | ||
| 040 |
_aGCL / _cGCL |
||
| 082 | 0 | 4 |
_a658.02 _bا ا |
| 100 | 1 | _aابتهاج مصطفى عبدالرحمن | |
| 245 | 1 | 0 |
_aالادارة الاستراتيجية البدائل الاستراتيجية - التنفيذ والرقابة ادارة التغيير الاسترتيجى / _cابتهاج مصطفى عبدالرحمن |
| 490 |
_a100 قصة _v0 |
||
| 650 | 0 | 4 | _aالرقابة الادارية |
| 650 | 0 | 4 | _aالادارة الاستراتيجية |
| 650 | 0 | 4 | _aادارة التغيير |
| 942 |
_2ddc _cBK |
||
| 999 |
_c43339 _d43339 |
||